Sports Quiz

Random Sports or Baseball Quiz

10 Highest Paying Sports Teams (2012) Quiz Stats

 Plays Quiz not verified by Sporcle

Challenge
Share
Tweet
Embed
Score 0/10 Timer 05:00
0 Plays Today
Sport Club % Correct
BaseballNew York Yankees
90.4%
BasketballLA Lakers
83.1%
FootballReal Madrid
63.5%
FootballBarcelona
63.5%
FootballManchester City
56.9%
FootballChelsea
56%
FootballBayern Munich
41.4%
FootballAC Milan
40.9%
BaseballPhiladelphia Phillies
30.2%
FootballInter Milan
29.9%

You're not logged in!

Compare scores with friends on all Sporcle quizzes.
Join for Free
OR
Log In

You Might Also Like...

Show Comments

Extras

Top Quizzes Today


Score Distribution

Your Account Isn't Verified!

In order to create a playlist on Sporcle, you need to verify the email address you used during registration. Go to your Sporcle Settings to finish the process.

Report this User

Report this user for behavior that violates our Community Guidelines.

Details: